000
00286nam a22001217a 4500
999
_c
12904
_d
12904
082
_a
658.4
100
_a
Kazi, Fazul Suleiman
245
_a
Banks and Executive Leadership
250
_a
1st edition
260
_a
Pakistan
_b
Royal Book Company
_c
2018
300
_a
143 pages.
942
_c
BK